00393nam a22001217a 4500008004100000040005500041080001500096100001900111245006500130246002700195260003800222300001100260230627b |||||||| |||| 00| 0 eng d aNational Science LibrarycNational Science Library a070.44bP7 aKumar, Pankaj  aसाक्षात्कार (इंटरव्यू) aSakshatkar (Interview) aNew Delhi: bDiamond Book, c2007 a151p.